| 000 | 01034nam a2200277 i 4500 | ||
|---|---|---|---|
| 001 | 171392 | ||
| 003 | ES-MaACL | ||
| 005 | 20250808062805.0 | ||
| 008 | 090513s1971 sp |||| | spa d | ||
| 017 | _aM 13663-1967 | ||
| 130 | 0 |
_aBiblia. _pA.T. _pLibros proféticos. _lEspañol. _9140113 |
|
| 245 | 1 | 0 |
_aLa Sagrada Escritura _b: texto y comentario : Antiguo Testamento. _nVI / _ccolaboran J. Alonso y F. Buck ; dirige, Juan Leal. |
| 260 |
_aMadrid : _b[La Editorial Católica], _c1971. |
||
| 300 |
_aXXX, 1 h., 608 p. , 1 h. ; _c20 cm. |
||
| 490 | 1 |
_aBiblioteca de autores cristianos ; _v323 |
|
| 500 | _aÍndice. | ||
| 504 | _aBibliografía : p. [XVIII]-XXX. | ||
| 505 | 8 | _aContiene : Daniel y Profetas menores | |
| 594 | _aEn el lomo : Profesores de la Compañía de Jesús. | ||
| 700 | 0 |
_aLeal, Juan. _970969 |
|
| 700 | 0 |
_aAlonso Díaz, José. _920300 |
|
| 700 | 1 |
_aBuck, Fidel. _9140074 |
|
| 830 | 0 | 0 |
_aBiblioteca de autores cristianos _v323 _9178679 |
| 852 |
_aES-MaACL _jJ-316 _9R.46092 |
||
| 999 |
_c171392 _d171392 |
||